Paesi in cui si trovano Giraffe - Statistics

Statistiche generali
  • Questo quiz è stato fatto 23 volte
  • Il punteggio medio è 14 su 18
Statistiche sulle risposte
Risposta % Corretto
Angola
95%
Repubblica Democratica del Congo
95%
Botswana
90%
Sudafrica
90%
Kenya
85%
Sud Sudan
85%
Tanzania
85%
Zambia
85%
Zimbabwe
85%
Etiopia
80%
Namibia
80%
Mozambico
75%
Camerun
70%
Niger
70%
Somalia
70%
Uganda
70%
Ciad
65%
Ruanda
60%
Nessun quiz corrispondente trovato
Distribuzione punteggi
Percentuale di utenti per punteggio
Percentile per numero di risposta
I tuoi punteggi nel tempo
Non hai fatto questo quiz